Delitos informáticos (en el ciberespacio) doctrina y análisis de casos reales (Registro nro. 40900)

Detalles MARC
000 -ENCABEZADO
Número de control [NR] 00848nam a2200229Ia 4500
008 - DE LONGITUD FIJA DE DATOS DE ELEMENTOS - INFORMACIÓN GENERAL
Elementos de longitud fija [NR] 130821s2012 ck a gr spa
020 ## - NUMERO INTERNACIONAL NORMALIZADO PARA LIBROS [R]
Número Internacional Normalizado del libro [NR] 9789584608857
040 ## - FUENTE DE CATALOGACION [NR]
Agencia de catalogación original [NR] Co-BoUCM
Idioma de catalogación [NR] spa
041 00 - CODIGO DE IDIOMA [R]
Código de idioma para texto/pista de sonido o título separado [R] Español
100 1# - ASIENTO PRINCIPAL--NOMBRE PERSONAL [NR]
Nombre personal [NR] Palomá Parra, Luis Orlando
ID Autoridad 160826
245 10 - MENCION DE TITULO [NR]
Título [NR] Delitos informáticos (en el ciberespacio) doctrina y análisis de casos reales
Mención de responsabilidad, etc. [NR] Luis Orlando Palomá Parra
260 ## - PUBLICACION, DISTRIBUCION, ETC. (PIE DE IMPRENTA) [R]
Lugar de publicación, distribución, etc. [R] Bogotá (Colombia)
Nombre del editor, distribuidor, etc. [R] Ediciones Jurídicas Andrés Morales
Fecha de publicación, distribución, etc. [R] 2012
300 ## - DESCRIPCION FISICA [R]
Extensión [R] xviii, 239 páginas
Otros detalles físicos [NR] ilustraciones
504 ## - NOTA DE BIBLIOGRAFIA, ETC. [R]
Nota de bibliografía, etc. [NR]
650 04 - ASIENTO SECUNDARIO DE MATERIA - TERMINO TEMATICO [R]
Término temático o nombre geográfico como elemento de entrada [NR] Delitos por computador
9 (RLIN) 12600
650 04 - ASIENTO SECUNDARIO DE MATERIA - TERMINO TEMATICO [R]
Término temático o nombre geográfico como elemento de entrada [NR] Derecho comercial
9 (RLIN) 12717
650 04 - ASIENTO SECUNDARIO DE MATERIA - TERMINO TEMATICO [R]
Término temático o nombre geográfico como elemento de entrada [NR] Derecho informático
9 (RLIN) 12774
650 04 - ASIENTO SECUNDARIO DE MATERIA - TERMINO TEMATICO [R]
Término temático o nombre geográfico como elemento de entrada [NR] Derecho penal
9 (RLIN) 12805
650 04 - ASIENTO SECUNDARIO DE MATERIA - TERMINO TEMATICO [R]
Término temático o nombre geográfico como elemento de entrada [NR] Informática jurídica
9 (RLIN) 17597
942 ## - ELEMENTOS DE ENTRADA AGREGADOS (KOHA)
Tipo de ítem principal el descrito en 300a Libro
Tema principal Derecho
Edición 1
Parte restante de la signatura top. P181d
Sistema de clasificación DEWEY
Clasificación 364.168
Existencias
Fecha de último préstamo Total préstamos Total Renewals Signatura topográfica Código de barras Prestado Última vez visto Ejemplar Price effective from Tipo de ítem Nota pública (OPAC) Perdido Sistema de clasificación Dañado No prestable Tipo de ítem específico Suprimido Ubicación habitual Ubicación actual Localización Fecha de creación Forma de adquisición Costo
10/06/2026 27 35 364.168 P181d 100129573 10/07/2026 10/06/2026 Ej.1 03/02/2013 Libro Spot Criminología e Investigación Criminal   DEWEY     Libro   Claustro Claustro 3er piso 28/02/2013 Compra 59500.00